| 000 | | | 03829nac2a22002533x 450 |
| 001 | | | d933c734-5014-4059-a4c5-1d95400f0df9 |
| 005 | | | 20230719114729.0 |
| 100 | ## | $a | 20230613l19291929k y0rusy50 ca |
| 101 | 0# | $a | rus |
| 102 | ## | $a | RU |
| 105 | ## | $a | y z ||||| |
| 122 | 2# | $a | d19290530 |
| | $a | d19291102 |
| 200 | 1# | $a | О созыве Пленума бюджетной Комиссии ЦИК Союза ССР |
| | $j | 30.05.1929 - 02.11.1929 |
| 215 | ## | $a | 8 листов |
| | $d | 35,8 х 22,6 |
| 251 | ## | $c | Дело |
| 300 | ## | $a | В деле обратная нумерация листов |
| 300 | ## | $a | Машинописный и рукописный текст |
| 461 | #0 | $1 | 001796d4672-8a00-4986-b488-6e42273792cc |
| | $1 | 2001 |
| | $a | ЦЕНТРАЛЬНЫЙ ИСПОЛНИТЕЛЬНЫЙ КОМИТЕТ СССР (ЦИК СССР). |
| | $1 | 251 |
| | $c | Фонд |
| | $1 | 852 |
| | $g | Р |
| | $j | 3316 |
| 462 | #0 | $1 | 0016e6e8ba4-e15f-4ad4-8937-f1e88c150bfe |
| | $1 | 2001 |
| | $a | Дела Секретариата Президиума ЦИК Союза ССР. 1929 г. |
| | $v | Д. 883 |
| | $1 | 251 |
| | $c | Опись |
| | $1 | 852 |
| | $j | 22 |
| 601 | 01 | $3 | RU\NLR\AUTH\880357276 |
| | $a | СССР |
| | $b | ЦИК |
| 601 | 01 | $3 | RU\NLR\AUTH\880398059 |
| | $a | СССР |
| | $b | Центральный исполнительный комитет |
| | $b | Бюджетная комиссия |
| 801 | #0 | $a | RU |
| | $b | GA_RF |
| 801 | #1 | $a | RU |
| | $b | ГлавНИВЦ |
| | $c | 20230613 |
| | $2 | rusmarc |
| 801 | #2 | $a | RU |
| | $b | ПБ им. Б.Н. Ельцина |
| | $c | 20230719 |
| | $g | RCR |
| | $2 | rusmarc |
| 852 | ## | $a | ГА РФ |
| | $j | 883 |
| 937 | ## | $d | 186655013 |
| | $h | ГАРФ |
| 035 | ## | $a | RuPRLIB51072593 |
| 856 | ## | $u | http://readingroom.main.prlib.ru/item.aspx?id_node=n186655013&mode=full |